[Event "DEM U16w 2024"]
[Site "Willingen GER"]
[Date "2024.05.24"]
[Round "8"]
[White "Haug, Mara"]
[Black "Fock, Madiha"]
[Result "1-0"]
[Termination "normal"]
[Board "2"]
[WhiteElo "1871"]
[BlackElo "1780"]
[WhiteClock "00:06:41"]
[BlackClock "00:17:39"]
[PlyCount "135"]
[WhiteFideId "16259300"]
[BlackFideId "16253574"]
[EventCountry "GER"]
[EventRounds "9"]
[EventType "swiss"]
[EventDate "2024.05.18"]

1. e4 {[%clk 01:30:58]} {[%emt 00:00:02]} c5 {[%clk 01:30:55]} {[%emt
00:00:06]} 2. Nf3 {[%clk 01:29:59]} {[%emt 00:01:28]} d6 {[%clk 01:31:21]}
{[%emt 00:00:05]} 3. d4 {[%clk 01:30:23]} {[%emt 00:00:05]} cxd4 {[%clk
01:31:48]} {[%emt 00:00:03]} 4. Nxd4 {[%clk 01:30:45]} {[%emt 00:00:09]} Nf6
{[%clk 01:32:14]} {[%emt 00:00:04]} 5. Nc3 {[%clk 01:31:07]} {[%emt 00:00:08]}
a6 {[%clk 01:32:42]} {[%emt 00:00:02]} 6. Bg5 {[%clk 01:31:27]} {[%emt
00:00:10]} Nbd7 {[%clk 01:33:08]} {[%emt 00:00:04]} 7. f4 {[%clk 01:31:39]}
{[%emt 00:00:17]} Qc7 {[%clk 01:33:35]} {[%emt 00:00:04]} 8. Qf3 {[%clk
01:29:01]} {[%emt 00:03:07]} b5 {[%clk 01:33:51]} {[%emt 00:00:14]} 9. Bxf6
{[%clk 01:23:18]} {[%emt 00:06:13]} Nxf6 {[%clk 01:30:46]} {[%emt 00:03:34]}
10. e5 {[%clk 01:08:38]} {[%emt 00:15:11]} Bb7 {[%clk 01:31:10]} {[%emt
00:00:06]} 11. Qe2 {[%clk 01:07:46]} {[%emt 00:01:20]} dxe5 {[%clk 01:15:03]}
{[%emt 00:16:39]} 12. fxe5 {[%clk 01:05:38]} {[%emt 00:02:38]} Nd5 {[%clk
01:13:07]} {[%emt 00:02:26]} 13. Nxd5 {[%clk 00:55:32]} {[%emt 00:10:36]} Bxd5
{[%clk 01:13:31]} {[%emt 00:00:06]} 14. e6 {[%clk 00:54:04]} {[%emt 00:01:57]}
fxe6 {[%clk 01:00:25]} {[%emt 00:13:37]} 15. Nxe6 {[%clk 00:49:00]} {[%emt
00:05:34]} Bxe6 {[%clk 01:00:45]} {[%emt 00:00:10]} 16. Qxe6 {[%clk 00:49:25]}
{[%emt 00:00:04]} Qd6 {[%clk 01:00:56]} {[%emt 00:00:20]} 17. Qe4 {[%clk
00:45:13]} {[%emt 00:04:37]} Rd8 {[%clk 00:56:32]} {[%emt 00:04:59]} 18. Bd3
{[%clk 00:43:26]} {[%emt 00:02:17]} Qd5 {[%clk 00:54:10]} {[%emt 00:02:52]} 19.
O-O-O {[%clk 00:36:44]} {[%emt 00:07:13]} e6 {[%clk 00:43:01]} {[%emt
00:11:38]} 20. Bxb5+ {[%clk 00:25:18]} {[%emt 00:11:56]} Qxb5 {[%clk 00:41:55]}
{[%emt 00:01:36]} 21. Qxe6+ {[%clk 00:25:40]} {[%emt 00:00:07]} Be7 {[%clk
00:42:20]} {[%emt 00:00:05]} 22. Rxd8+ {[%clk 00:25:50]} {[%emt 00:00:21]} Kxd8
{[%clk 00:42:38]} {[%emt 00:00:12]} 23. Rd1+ {[%clk 00:26:12]} {[%emt
00:00:07]} Ke8 {[%clk 00:40:51]} {[%emt 00:02:18]} 24. Qc8+ {[%clk 00:25:38]}
{[%emt 00:01:03]} Kf7 {[%clk 00:41:19]} {[%emt 00:00:03]} 25. Qxh8 {[%clk
00:25:57]} {[%emt 00:00:10]} Bg5+ {[%clk 00:41:48]} {[%emt 00:00:03]} 26. Kb1
{[%clk 00:25:04]} {[%emt 00:01:22]} Bf6 {[%clk 00:42:15]} {[%emt 00:00:03]} 27.
c3 {[%clk 00:17:46]} {[%emt 00:07:49]} Bxc3 {[%clk 00:39:38]} {[%emt 00:03:07]}
28. Kc2 {[%clk 00:13:28]} {[%emt 00:04:48]} Qxb2+ {[%clk 00:36:50]} {[%emt
00:03:18]} 29. Kd3 {[%clk 00:13:51]} {[%emt 00:00:05]} Bf6 {[%clk 00:30:07]}
{[%emt 00:07:14]} 30. Qc8 {[%clk 00:11:57]} {[%emt 00:02:24]} Qxg2 {[%clk
00:24:05]} {[%emt 00:06:32]} 31. Qc4+ {[%clk 00:10:45]} {[%emt 00:01:42]} Kf8
{[%clk 00:24:06]} {[%emt 00:00:29]} 32. Rd2 {[%clk 00:09:24]} {[%emt 00:01:50]}
Qf3+ {[%clk 00:22:39]} {[%emt 00:01:58]} 33. Kc2 {[%clk 00:09:29]} {[%emt
00:00:24]} Qf5+ {[%clk 00:23:05]} {[%emt 00:00:05]} 34. Kb3 {[%clk 00:06:55]}
{[%emt 00:03:03]} Qb1+ {[%clk 00:13:50]} {[%emt 00:09:46]} 35. Ka4 {[%clk
00:07:03]} {[%emt 00:00:20]} Qf5 {[%clk 00:13:47]} {[%emt 00:00:35]} 36. Re2
{[%clk 00:05:22]} {[%emt 00:02:10]} Qd7+ {[%clk 00:12:41]} {[%emt 00:01:37]}
37. Kb3 {[%clk 00:03:56]} {[%emt 00:01:53]} Qh3+ {[%clk 00:12:44]} {[%emt
00:00:29]} 38. Kc2 {[%clk 00:03:24]} {[%emt 00:00:59]} Qf5+ {[%clk 00:12:53]}
{[%emt 00:00:24]} 39. Kb3 {[%clk 00:02:46]} {[%emt 00:01:05]} Qh3+ {[%clk
00:13:19]} {[%emt 00:00:07]} 40. Kc2 {[%clk 00:02:31]} {[%emt 00:00:45]} Qf5+
{[%clk 00:13:45]} {[%emt 00:00:05]} 41. Qe4 {[%clk 00:00:36]} {[%emt 00:02:23]}
Qc5+ {[%clk 00:13:51]} {[%emt 00:00:26]} 42. Kb3 {[%clk 00:27:52]} {[%emt
00:03:11]} Qc3+ {[%clk 00:43:24]} {[%emt 00:01:00]} 43. Ka4 {[%clk 00:27:45]}
{[%emt 00:00:34]} Qc8 {[%clk 00:43:31]} {[%emt 00:00:25]} 44. Qe6 {[%clk
00:27:08]} {[%emt 00:01:05]} Qb8 {[%clk 00:38:56]} {[%emt 00:05:07]} 45. Qxa6
{[%clk 00:23:19]} {[%emt 00:04:19]} Qf4+ {[%clk 00:37:50]} {[%emt 00:01:36]}
46. Kb5 {[%clk 00:21:25]} {[%emt 00:02:22]} Qf5+ {[%clk 00:37:01]} {[%emt
00:01:22]} 47. Kc6 {[%clk 00:20:53]} {[%emt 00:00:59]} Qf3+ {[%clk 00:35:29]}
{[%emt 00:02:03]} 48. Kd7 {[%clk 00:20:51]} {[%emt 00:00:32]} Qf5+ {[%clk
00:32:19]} {[%emt 00:03:42]} 49. Re6 {[%clk 00:20:11]} {[%emt 00:01:08]} g6
{[%clk 00:32:20]} {[%emt 00:00:31]} 50. Kc7 {[%clk 00:16:15]} {[%emt 00:04:24]}
Qc2+ {[%clk 00:29:56]} {[%emt 00:02:55]} 51. Qc6 {[%clk 00:15:59]} {[%emt
00:00:43]} Qxh2+ {[%clk 00:30:20]} {[%emt 00:00:09]} 52. Qd6+ {[%clk 00:14:06]}
{[%emt 00:02:21]} Qxd6+ {[%clk 00:30:46]} {[%emt 00:00:07]} 53. Kxd6 {[%clk
00:14:15]} {[%emt 00:00:20]} Bd8 {[%clk 00:28:15]} {[%emt 00:03:01]} 54. Ke5
{[%clk 00:12:02]} {[%emt 00:02:39]} Kg7 {[%clk 00:25:10]} {[%emt 00:03:40]} 55.
Kf4 {[%clk 00:11:16]} {[%emt 00:01:12]} h5 {[%clk 00:22:12]} {[%emt 00:03:31]}
56. a4 {[%clk 00:10:51]} {[%emt 00:00:55]} Kf7 {[%clk 00:21:47]} {[%emt
00:00:56]} 57. Rc6 {[%clk 00:07:26]} {[%emt 00:03:54]} Kg7 {[%clk 00:21:12]}
{[%emt 00:01:06]} 58. Rc5 {[%clk 00:05:55]} {[%emt 00:02:00]} Bb6 {[%clk
00:20:26]} {[%emt 00:01:17]} 59. Rb5 {[%clk 00:06:00]} {[%emt 00:00:24]} Bf2
{[%clk 00:20:18]} {[%emt 00:00:38]} 60. a5 {[%clk 00:05:49]} {[%emt 00:00:42]}
h4 {[%clk 00:20:18]} {[%emt 00:00:30]} 61. Kg4 {[%clk 00:05:21]} {[%emt
00:00:55]} Kf6 {[%clk 00:18:58]} {[%emt 00:01:52]} 62. a6 {[%clk 00:05:24]}
{[%emt 00:00:27]} g5 {[%clk 00:16:04]} {[%emt 00:03:24]} 63. Rb7 {[%clk
00:05:19]} {[%emt 00:00:35]} Ke5 {[%clk 00:16:11]} {[%emt 00:00:23]} 64. a7
{[%clk 00:05:20]} {[%emt 00:00:30]} Bxa7 {[%clk 00:16:34]} {[%emt 00:00:08]}
65. Rxa7 {[%clk 00:05:48]} {[%emt 00:00:01]} Ke4 {[%clk 00:16:54]} {[%emt
00:00:10]} 66. Re7+ {[%clk 00:06:03]} {[%emt 00:00:13]} Kd3 {[%clk 00:17:19]}
{[%emt 00:00:07]} 67. Kxg5 {[%clk 00:06:17]} {[%emt 00:00:16]} h3 {[%clk
00:17:39]} {[%emt 00:00:10]} 68. Rh7 {[%clk 00:06:41]} {[%emt 00:00:05]} 1-0

[Event "DEM U16w 2024"]
[Site "Willingen GER"]
[Date "2024.05.24"]
[Round "8"]
[White "Moldovan, Tatiana"]
[Black "Lorenz, Veronika"]
[Result "1-0"]
[Termination "normal"]
[Board "3"]
[WhiteElo "1708"]
[BlackElo "1858"]
[WhiteClock "01:21:58"]
[BlackClock "00:11:07"]
[PlyCount "109"]
[WhiteFideId "16287398"]
[BlackFideId "16277406"]
[EventCountry "GER"]
[EventRounds "9"]
[EventType "swiss"]
[EventDate "2024.05.18"]

1. e4 {[%clk 01:30:58]} {[%emt 00:00:02]} e5 {[%clk 01:30:59]} {[%emt
00:00:01]} 2. Nf3 {[%clk 01:31:19]} {[%emt 00:00:10]} Nc6 {[%clk 01:31:28]}
{[%emt 00:00:01]} 3. Bb5 {[%clk 01:31:41]} {[%emt 00:00:08]} a6 {[%clk
01:31:57]} {[%emt 00:00:01]} 4. Ba4 {[%clk 01:32:02]} {[%emt 00:00:08]} Nf6
{[%clk 01:32:23]} {[%emt 00:00:04]} 5. d4 {[%clk 01:32:25]} {[%emt 00:00:08]}
exd4 {[%clk 01:28:32]} {[%emt 00:04:21]} 6. O-O {[%clk 01:32:48]} {[%emt
00:00:07]} b5 {[%clk 01:29:00]} {[%emt 00:00:02]} 7. Bb3 {[%clk 01:33:09]}
{[%emt 00:00:09]} Be7 {[%clk 01:29:11]} {[%emt 00:00:19]} 8. Re1 {[%clk
01:33:09]} {[%emt 00:00:30]} d6 {[%clk 01:27:52]} {[%emt 00:01:49]} 9. h3
{[%clk 01:31:06]} {[%emt 00:02:33]} O-O {[%clk 01:27:19]} {[%emt 00:01:03]} 10.
a4 {[%clk 01:31:09]} {[%emt 00:00:27]} Bb7 {[%clk 01:26:45]} {[%emt 00:01:03]}
11. Bg5 {[%clk 01:29:54]} {[%emt 00:01:45]} h6 {[%clk 01:22:12]} {[%emt
00:05:04]} 12. Bh4 {[%clk 01:29:49]} {[%emt 00:00:35]} Re8 {[%clk 01:15:04]}
{[%emt 00:07:38]} 13. Na3 {[%clk 01:24:36]} {[%emt 00:05:42]} Na5 {[%clk
00:54:27]} {[%emt 00:21:07]} 14. Nxd4 {[%clk 01:23:12]} {[%emt 00:01:53]} Nxb3
{[%clk 00:54:40]} {[%emt 00:00:18]} 15. Nxb3 {[%clk 01:22:48]} {[%emt
00:00:54]} bxa4 {[%clk 00:53:08]} {[%emt 00:02:03]} 16. Nd2 {[%clk 01:22:46]}
{[%emt 00:00:31]} Nxe4 {[%clk 00:52:34]} {[%emt 00:01:05]} 17. Bxe7 {[%clk
01:20:20]} {[%emt 00:02:56]} Rxe7 {[%clk 00:45:58]} {[%emt 00:07:05]} 18. Nxe4
{[%clk 01:19:53]} {[%emt 00:00:57]} Rxe4 {[%clk 00:40:09]} {[%emt 00:06:19]}
19. Rxe4 {[%clk 01:19:44]} {[%emt 00:00:40]} Bxe4 {[%clk 00:40:37]} {[%emt
00:00:02]} 20. Qd4 {[%clk 01:19:25]} {[%emt 00:00:47]} Bc6 {[%clk 00:40:19]}
{[%emt 00:00:49]} 21. Qc4 {[%clk 01:16:11]} {[%emt 00:03:45]} Qd7 {[%clk
00:31:33]} {[%emt 00:09:12]} 22. Re1 {[%clk 01:11:46]} {[%emt 00:04:58]} Rb8
{[%clk 00:31:39]} {[%emt 00:00:25]} 23. Qc3 {[%clk 01:11:15]} {[%emt 00:01:00]}
Re8 {[%clk 00:31:15]} {[%emt 00:00:55]} 24. Nc4 {[%clk 01:10:37]} {[%emt
00:01:08]} Rxe1+ {[%clk 00:31:12]} {[%emt 00:00:33]} 25. Qxe1 {[%clk 01:10:59]}
{[%emt 00:00:07]} Qe6 {[%clk 00:30:21]} {[%emt 00:01:21]} 26. Ne3 {[%clk
01:11:11]} {[%emt 00:00:19]} Qe4 {[%clk 00:29:37]} {[%emt 00:01:13]} 27. Qc3
{[%clk 01:10:25]} {[%emt 00:01:15]} Kh8 {[%clk 00:07:43]} {[%emt 00:22:20]} 28.
Qa5 {[%clk 01:04:04]} {[%emt 00:06:56]} d5 {[%clk 00:07:06]} {[%emt 00:01:07]}
29. Qxc7 {[%clk 01:04:14]} {[%emt 00:00:20]} Qe6 {[%clk 00:03:15]} {[%emt
00:04:20]} 30. Qf4 {[%clk 01:03:00]} {[%emt 00:01:45]} f6 {[%clk 00:02:25]}
{[%emt 00:01:20]} 31. Qf5 {[%clk 01:02:55]} {[%emt 00:00:36]} Qxf5 {[%clk
00:02:09]} {[%emt 00:00:46]} 32. Nxf5 {[%clk 01:03:20]} {[%emt 00:00:04]} Kh7
{[%clk 00:02:26]} {[%emt 00:00:13]} 33. f3 {[%clk 01:03:33]} {[%emt 00:00:17]}
Bb7 {[%clk 00:02:13]} {[%emt 00:00:44]} 34. Kf2 {[%clk 01:03:28]} {[%emt
00:00:34]} Kg6 {[%clk 00:02:35]} {[%emt 00:00:07]} 35. Nd4 {[%clk 01:03:54]}
{[%emt 00:00:05]} f5 {[%clk 00:01:05]} {[%emt 00:02:01]} 36. g3 {[%clk
01:03:58]} {[%emt 00:00:25]} Kf6 {[%clk 00:01:28]} {[%emt 00:00:07]} 37. f4
{[%clk 01:03:55]} {[%emt 00:00:33]} g6 {[%clk 00:01:23]} {[%emt 00:00:36]} 38.
Ke3 {[%clk 01:04:05]} {[%emt 00:00:19]} Ke7 {[%clk 00:00:49]} {[%emt 00:01:03]}
39. Nf3 {[%clk 01:03:57]} {[%emt 00:00:38]} Kf6 {[%emt 00:00:38]} 40. Ne5
{[%clk 01:02:53]} {[%emt 00:01:26]} a5 {[%clk 00:00:33]} {[%emt 00:00:48]} 41.
Kd4 {[%clk 01:01:52]} {[%emt 00:01:31]} g5 {[%clk 00:30:08]} {[%emt 00:00:54]}
42. Kc5 {[%emt 00:05:15]} h5 {[%clk 00:27:25]} {[%emt 00:02:31]} 43. h4 {[%clk
01:28:10]} {[%emt 00:00:09]} gxh4 {[%clk 00:27:14]} {[%emt 00:00:42]} 44. gxh4
{[%clk 01:28:35]} {[%emt 00:00:04]} Ke6 {[%clk 00:27:05]} {[%emt 00:00:40]} 45.
Nf3 {[%clk 01:23:42]} {[%emt 00:05:22]} Kf6 {[%clk 00:21:52]} {[%emt 00:05:41]}
46. Nd4 {[%clk 01:23:49]} {[%emt 00:00:25]} Ba6 {[%clk 00:19:29]} {[%emt
00:02:52]} 47. Kxd5 {[%clk 01:23:41]} {[%emt 00:00:39]} Bb7+ {[%clk 00:19:49]}
{[%emt 00:00:11]} 48. Nc6 {[%clk 01:22:47]} {[%emt 00:01:23]} Ba6 {[%clk
00:15:53]} {[%emt 00:04:26]} 49. c4 {[%clk 01:21:49]} {[%emt 00:01:28]} Bb7
{[%clk 00:12:01]} {[%emt 00:04:23]} 50. Kd6 {[%clk 01:21:26]} {[%emt 00:00:53]}
Ba6 {[%clk 00:12:13]} {[%emt 00:00:17]} 51. Ne5 {[%clk 01:21:46]} {[%emt
00:00:09]} Bc8 {[%clk 00:10:07]} {[%emt 00:02:37]} 52. c5 {[%clk 01:21:23]}
{[%emt 00:00:53]} Ba6 {[%clk 00:10:26]} {[%emt 00:00:10]} 53. c6 {[%clk
01:21:44]} {[%emt 00:00:09]} Bc8 {[%clk 00:10:50]} {[%emt 00:00:07]} 54. Nc4
{[%clk 01:21:45]} {[%emt 00:00:29]} Ba6 {[%clk 00:11:07]} {[%emt 00:00:14]} 55.
Nb6 {[%clk 01:21:58]} {[%emt 00:00:16]} 1-0

[Event "DEM U16w 2024"]
[Site "Willingen GER"]
[Date "2024.05.24"]
[Round "8"]
[White "Wilmink, Anna"]
[Black "Reddi, Bhuvana"]
[Result "1/2-1/2"]
[Termination "normal"]
[Board "4"]
[WhiteElo "1903"]
[BlackElo "1826"]
[WhiteClock "00:18:22"]
[BlackClock "00:07:51"]
[PlyCount "48"]
[WhiteFideId "16273680"]
[BlackFideId "16287002"]
[EventCountry "GER"]
[EventRounds "9"]
[EventType "swiss"]
[EventDate "2024.05.18"]

1. e4 {[%clk 01:30:57]} {[%emt 00:00:02]} e5 {[%clk 01:30:54]} {[%emt
00:00:07]} 2. Nf3 {[%clk 01:31:19]} {[%emt 00:00:08]} Nc6 {[%clk 01:31:18]}
{[%emt 00:00:06]} 3. c3 {[%clk 01:31:34]} {[%emt 00:00:15]} Nf6 {[%clk
01:31:22]} {[%emt 00:00:25]} 4. d4 {[%clk 01:31:44]} {[%emt 00:00:20]} d6
{[%clk 01:31:17]} {[%emt 00:00:36]} 5. Bb5 {[%clk 01:13:01]} {[%emt 00:19:13]}
Bd7 {[%clk 01:16:11]} {[%emt 00:15:36]} 6. d5 {[%clk 01:08:06]} {[%emt
00:05:24]} Nb8 {[%clk 01:14:44]} {[%emt 00:01:57]} 7. Bxd7+ {[%clk 01:06:02]}
{[%emt 00:02:35]} Nbxd7 {[%clk 01:15:05]} {[%emt 00:00:09]} 8. Nbd2 {[%clk
01:01:49]} {[%emt 00:04:42]} g6 {[%clk 01:12:42]} {[%emt 00:02:53]} 9. O-O
{[%clk 00:58:28]} {[%emt 00:03:51]} Nc5 {[%clk 01:11:35]} {[%emt 00:01:37]} 10.
Qc2 {[%clk 00:57:13]} {[%emt 00:01:46]} Bg7 {[%clk 01:11:34]} {[%emt 00:00:30]}
11. b4 {[%clk 00:55:57]} {[%emt 00:01:47]} Ncd7 {[%clk 01:12:00]} {[%emt
00:00:04]} 12. c4 {[%clk 00:54:26]} {[%emt 00:02:01]} O-O {[%clk 01:09:07]}
{[%emt 00:03:23]} 13. Bb2 {[%clk 00:52:53]} {[%emt 00:02:03]} Nh5 {[%clk
01:08:30]} {[%emt 00:01:06]} 14. c5 {[%clk 00:50:03]} {[%emt 00:03:20]} Rc8
{[%clk 01:05:49]} {[%emt 00:03:11]} 15. Rac1 {[%clk 00:42:40]} {[%emt
00:07:53]} Nf4 {[%clk 01:02:00]} {[%emt 00:04:20]} 16. Nc4 {[%clk 00:37:41]}
{[%emt 00:05:29]} dxc5 {[%clk 00:54:19]} {[%emt 00:08:10]} 17. bxc5 {[%clk
00:33:49]} {[%emt 00:04:23]} Re8 {[%clk 00:42:35]} {[%emt 00:12:13]} 18. c6
{[%clk 00:27:33]} {[%emt 00:06:47]} bxc6 {[%clk 00:27:52]} {[%emt 00:15:12]}
19. dxc6 {[%clk 00:27:55]} {[%emt 00:00:09]} Nc5 {[%clk 00:22:52]} {[%emt
00:05:29]} 20. Ncxe5 {[%clk 00:26:44]} {[%emt 00:01:41]} Ncd3 {[%clk 00:13:58]}
{[%emt 00:09:24]} 21. Rcd1 {[%clk 00:26:15]} {[%emt 00:00:59]} Bxe5 {[%clk
00:11:57]} {[%emt 00:02:31]} 22. Bxe5 {[%clk 00:21:57]} {[%emt 00:04:49]} Rxe5
{[%clk 00:10:59]} {[%emt 00:01:27]} 23. g3 {[%clk 00:19:13]} {[%emt 00:03:14]}
Rc5 {[%clk 00:08:32]} {[%emt 00:02:50]} 24. Qd2 {[%clk 00:18:22]} {[%emt
00:01:27]} Qf6 {[%clk 00:07:51]} {[%emt 00:01:11]} 1/2-1/2

[Event "DEM U16w 2024"]
[Site "Willingen GER"]
[Date "2024.05.24"]
[Round "8"]
[White "Stasaitis, Paulina"]
[Black "Müller, Riyanna"]
[Result "1/2-1/2"]
[Termination "normal"]
[Board "5"]
[WhiteElo "1692"]
[BlackElo "1902"]
[WhiteClock "00:13:56"]
[BlackClock "00:05:31"]
[PlyCount "104"]
[WhiteFideId "34606165"]
[BlackFideId "16287401"]
[EventCountry "GER"]
[EventRounds "9"]
[EventType "swiss"]
[EventDate "2024.05.18"]

1. e4 {[%clk 01:30:58]} {[%emt 00:00:02]} c6 {[%clk 01:03:25]} {[%emt
00:12:51]} 2. d4 {[%clk 01:31:18]} {[%emt 00:00:09]} d5 {[%clk 01:03:45]}
{[%emt 00:00:11]} 3. f3 {[%clk 01:31:41]} {[%emt 00:00:07]} dxe4 {[%clk
01:04:05]} {[%emt 00:00:11]} 4. fxe4 {[%clk 01:32:03]} {[%emt 00:00:07]} e5
{[%clk 01:04:26]} {[%emt 00:00:08]} 5. Nf3 {[%clk 01:32:23]} {[%emt 00:00:09]}
Bg4 {[%clk 01:04:33]} {[%emt 00:00:24]} 6. Bc4 {[%clk 01:32:32]} {[%emt
00:00:21]} Nf6 {[%clk 01:04:34]} {[%emt 00:00:29]} 7. Bxf7+ {[%clk 01:30:29]}
{[%emt 00:02:33]} Kxf7 {[%clk 01:04:05]} {[%emt 00:00:59]} 8. Nxe5+ {[%clk
01:30:50]} {[%emt 00:00:10]} Kg8 {[%clk 01:03:59]} {[%emt 00:00:36]} 9. Nxg4
{[%clk 01:31:05]} {[%emt 00:00:15]} Nxe4 {[%clk 01:02:50]} {[%emt 00:01:38]}
10. O-O {[%clk 01:30:02]} {[%emt 00:01:33]} Nd7 {[%clk 01:01:53]} {[%emt
00:01:27]} 11. Qe2 {[%clk 01:29:38]} {[%emt 00:00:54]} h5 {[%clk 00:59:48]}
{[%emt 00:02:35]} 12. Qxe4 {[%clk 01:27:12]} {[%emt 00:02:57]} hxg4 {[%clk
00:59:31]} {[%emt 00:00:47]} 13. Qe6+ {[%clk 01:22:45]} {[%emt 00:04:56]} Kh7
{[%clk 00:59:49]} {[%emt 00:00:12]} 14. Qf5+ {[%clk 01:22:52]} {[%emt
00:00:23]} g6 {[%clk 00:56:39]} {[%emt 00:03:39]} 15. Qxg4 {[%clk 01:16:25]}
{[%emt 00:06:58]} Nf6 {[%clk 00:56:02]} {[%emt 00:01:07]} 16. Qe6 {[%clk
01:08:51]} {[%emt 00:08:04]} Kg7 {[%clk 00:55:49]} {[%emt 00:00:43]} 17. Nc3
{[%clk 01:04:28]} {[%emt 00:04:54]} Qxd4+ {[%clk 00:53:13]} {[%emt 00:03:05]}
18. Be3 {[%clk 01:04:21]} {[%emt 00:00:37]} Qh4 {[%clk 00:53:10]} {[%emt
00:00:33]} 19. Qxf6+ {[%clk 01:04:07]} {[%emt 00:00:44]} Qxf6 {[%clk 00:53:12]}
{[%emt 00:00:28]} 20. Rxf6 {[%clk 01:04:30]} {[%emt 00:00:07]} Kxf6 {[%clk
00:53:39]} {[%emt 00:00:04]} 21. Bd4+ {[%clk 01:04:52]} {[%emt 00:00:07]} Ke6
{[%clk 00:53:00]} {[%emt 00:01:09]} 22. Re1+ {[%clk 01:01:54]} {[%emt
00:03:29]} Kd7 {[%clk 00:52:38]} {[%emt 00:00:48]} 23. Bxh8 {[%clk 00:56:52]}
{[%emt 00:05:35]} Bc5+ {[%clk 00:53:01]} {[%emt 00:00:08]} 24. Kf1 {[%clk
00:57:08]} {[%emt 00:00:12]} Rxh8 {[%clk 00:53:21]} {[%emt 00:00:11]} 25. Rd1+
{[%clk 00:56:58]} {[%emt 00:00:40]} Ke6 {[%clk 00:52:34]} {[%emt 00:01:13]} 26.
Ne4 {[%clk 00:56:08]} {[%emt 00:01:24]} Bb6 {[%clk 00:51:33]} {[%emt 00:01:31]}
27. h3 {[%clk 00:53:15]} {[%emt 00:03:23]} Rf8+ {[%clk 00:50:48]} {[%emt
00:01:15]} 28. Ke1 {[%clk 00:52:11]} {[%emt 00:01:33]} Rf5 {[%clk 00:42:39]}
{[%emt 00:08:40]} 29. Nd6 {[%clk 00:44:14]} {[%emt 00:08:27]} Rf2 {[%clk
00:40:29]} {[%emt 00:02:40]} 30. Nc4 {[%clk 00:43:25]} {[%emt 00:01:19]} Rxg2
{[%clk 00:39:45]} {[%emt 00:01:14]} 31. Nxb6 {[%clk 00:43:33]} {[%emt
00:00:22]} axb6 {[%clk 00:40:09]} {[%emt 00:00:06]} 32. Rd2 {[%clk 00:43:34]}
{[%emt 00:00:28]} Rg3 {[%clk 00:36:41]} {[%emt 00:03:59]} 33. Rh2 {[%clk
00:42:24]} {[%emt 00:01:40]} Kf5 {[%clk 00:36:28]} {[%emt 00:00:44]} 34. Kf2
{[%clk 00:40:08]} {[%emt 00:02:45]} Kf4 {[%clk 00:36:14]} {[%emt 00:00:41]} 35.
Rh1 {[%clk 00:32:38]} {[%emt 00:08:02]} b5 {[%clk 00:34:12]} {[%emt 00:02:33]}
36. h4 {[%clk 00:31:32]} {[%emt 00:01:36]} Rf3+ {[%clk 00:25:33]} {[%emt
00:09:08]} 37. Ke2 {[%clk 00:29:16]} {[%emt 00:02:47]} Re3+ {[%clk 00:23:21]}
{[%emt 00:02:43]} 38. Kf2 {[%clk 00:29:14]} {[%emt 00:00:31]} Re5 {[%clk
00:21:34]} {[%emt 00:02:16]} 39. Rg1 {[%clk 00:26:54]} {[%emt 00:02:51]} Rh5
{[%clk 00:19:31]} {[%emt 00:02:32]} 40. Rxg6 {[%clk 00:26:31]} {[%emt
00:00:54]} Rxh4 {[%clk 00:19:52]} {[%emt 00:00:10]} 41. Rg2 {[%clk 00:26:36]}
{[%emt 00:00:24]} Rh1 {[%clk 00:18:56]} {[%emt 00:01:26]} 42. Ke2 {[%clk
00:23:25]} {[%emt 00:03:41]} Ra1 {[%clk 00:17:25]} {[%emt 00:02:01]} 43. Kd3
{[%clk 00:20:49]} {[%emt 00:03:05]} Rxa2 {[%clk 00:17:28]} {[%emt 00:00:28]}
44. b3 {[%clk 00:20:44]} {[%emt 00:00:34]} Ke5 {[%clk 00:16:36]} {[%emt
00:01:23]} 45. Rg7 {[%clk 00:20:08]} {[%emt 00:01:05]} b6 {[%clk 00:16:30]}
{[%emt 00:00:37]} 46. Rb7 {[%clk 00:20:02]} {[%emt 00:00:36]} Kd6 {[%clk
00:16:20]} {[%emt 00:00:39]} 47. Kc3 {[%clk 00:18:34]} {[%emt 00:01:59]} Kc5
{[%clk 00:13:00]} {[%emt 00:03:44]} 48. b4+ {[%clk 00:16:47]} {[%emt 00:02:23]}
Kd6 {[%clk 00:08:26]} {[%emt 00:05:03]} 49. Kb3 {[%clk 00:16:08]} {[%emt
00:01:10]} Ra4 {[%clk 00:06:57]} {[%emt 00:02:00]} 50. c4 {[%clk 00:14:45]}
{[%emt 00:01:52]} Ra6 {[%clk 00:05:34]} {[%emt 00:01:53]} 51. cxb5 {[%clk
00:15:01]} {[%emt 00:00:14]} cxb5 {[%clk 00:05:59]} {[%emt 00:00:05]} 52. Rh7
{[%clk 00:13:56]} {[%emt 00:01:36]} Ra8 {[%clk 00:05:31]} {[%emt 00:00:58]}
1/2-1/2